000 00565nam a2200181Ia 4500
008 151213s9999 xx 000 0 und d
020 _a978-81-2033544-8
082 _a658.3124
_b658.3124
100 _aP.Nick Blanchard & James W.Thaker
245 _aEffective Training Systems, Strategics and Practice
_cP.Nick Blanchard & James W.Thaker
250 _a3rd
260 _aNew Delhi India
_bPrentic Hall Of India Private
_c2007
300 _a9620 p.
650 _aManagement
650 _aManagement
700 _aP.Nick Blanchard & James W.Thaker
999 _c4788
_d4788